000 00318nam a22001337a 4500
008 211025b ||||| |||| 00| 0 eng d
020 _a9780141033570
050 _a153.42
_b1
100 _aKahneman Daniel
_97514
245 _aThinking Fast and Slow
260 _aUSA
_bPenguin
_c2012
300 _a1
942 _2ddc
_cBK
999 _c11845
_d11845